Traité d'economie politique / (Record no. 23918)

MARC details
000 -LEADER
campo de control de longitud fija 00582nam a2200193 i 4500
001 - NÚMERO DE CONTROL
campo de control 23918
003 - IDENTIFICADOR DE NÚMERO DE CONTROL
campo de control ES-MaACL
005 - FECHA Y HORA DE LA ÚLTIMA TRANSACCIÓN
campo de control 20230906152945.0
007 - CAMPO FIJO DE DESCRIPCIÓN FÍSICA--INFORMACIÓN GENERAL
campo de control de longitud fija t|
008 - DATOS DE LONGITUD FIJA--INFORMACIÓN GENERAL
campo de control de longitud fija 021213m19201923fr ||||1| fre d
100 1# - ENTRADA PRINCIPAL--NOMBRE DE PERSONA
Nombre de persona Ansiaux, Maurice.
9 (RLIN) 21839
245 10 - MENCIÓN DEL TÍTULO
Título Traité d'economie politique /
Mención de responsabilidad, etc. par Maurice Ansiaux.
260 ## - PUBLICACIÓN, DISTRIBUCIÓN, ETC.
Lugar de publicación, distribución, etc. París :
Nombre del editor, distribuidor, etc. Marcel Giard,
Fecha de publicación, distribución, etc. 1920-23 (
Lugar de fabricación/manufactura Saint Amand :
Fabricante Bussière)
300 ## - DESCRIPCIÓN FÍSICA
Extensión VI, 390 p. ;
Dimensiones 22 cm.
505 8# - NOTA DE CONTENIDO CON FORMATO
Nota de contenido con formato T. I: L'Organisation economique
740 2# - ENTRADA AGREGADA--TÍTULO RELACIONADO/ANALÍTICO NO CONTROLADO
Título relacionado o analítico no controlado L'Organisation economique.
852 ## - LOCALIZACIÓN
Ubicación ES-MaACL
Número de control de estantería B-13640
852 ## - LOCALIZACIÓN
Ubicación ES-MaACL
Número de control de estantería F-5520-21
Holdings
Estatus retirado Estado de pérdida Estado de daño No para préstamo Biblioteca de origen Biblioteca actual Ubicación en estantería Fecha de adquisición Fuente de adquisición Total de préstamos Signatura topográfica completa Código de barras Visto por última vez Precio de reemplazo Tipo de ítem Koha
        Biblioteca del Ateneo de Madrid Biblioteca del Ateneo de Madrid Depósito 2 17/01/2008     F-5520-21 1024652 23/02/2023 23/02/2023 Libro impreso
        Biblioteca del Ateneo de Madrid Biblioteca del Ateneo de Madrid Sala Pardo Bazán 17/01/2008     B-13640 1024651 23/02/2023 23/02/2023 Libro impreso